000 01039nam a22002777i 4500
999 _c22720
_d22720
003 AR-CdUCM
008 231017b20182018pe ad|o| |||| 00| 0 spa d
020 _a978-612-47305-4-2
040 _aMUNICIPALIDAD PROVINCIAL DEL CUSCO
_cBIBLIOTECA MUNICIPAL DEL CUSCO
041 _hspa
082 _a001.42 / G64
_bG64
100 _aGonzales Ríos, José Alipio
_944247
245 _aMetodología de la Investigación y Ejemplos en Turismo /
260 _aHuanchac-Cusco :
_bSieteculebras editores,
_c2018.
300 _a190 páginas. :
_c24.cm.
500 _zBibliografía: páginas 187-191
505 _aRealidad e investigación en turismo -- Turismo como disciplina científica -- Investigación cuantitativa y cualitativa -- Matriz de consistencia
650 _aTurismo
_949262
650 _aProblema
_921116
650 _aMatriz de consistencia
_98987
650 _aCiencia
_92098
650 _aCualitativa y mixta
_949144
650 _a Investigación cuantitativa
_949145
942 _2ddc
_cLIBROS
945 _apebm
_d2023-10-17